000
00255nam a2200097Ia 4500
008
230915s9999 xx 000 0 und d
050
_a
TX 911.3 .F 75 B33 2011
100
_a
BAKER,SUE
245
0
_a
PRINCIPLES OF HOTEL FRONT OFFICE OPERATIONS
942
_c
BK
999
_c
206104
_d
206104